Online katalóg knižníc regiónu Turca

Malý princ / (Record no. 21871)

MARC details
000 -LEADER
fixed length control field 01527nam a2200433 a 4500
001 - CONTROL NUMBER
control field 21871
003 - CONTROL NUMBER IDENTIFIER
control field CZ PrNK
005 - DATE AND TIME OF LATEST TRANSACTION
control field 20260313140629.0
007 - PHYSICAL DESCRIPTION FIXED FIELD--GENERAL INFORMATION
fixed length control field ta
008 - FIXED-LENGTH DATA ELEMENTS--GENERAL INFORMATION
fixed length control field 150202s2014 xr a c 000 f cze
015 ## - NATIONAL BIBLIOGRAPHY NUMBER
National bibliography number cnb002662527
020 ## - INTERNATIONAL STANDARD BOOK NUMBER
International Standard Book Number 9788073902209
Qualifying information (brož.)
035 ## - SYSTEM CONTROL NUMBER
System control number (OCoLC)907525830
040 ## - CATALOGING SOURCE
Original cataloging agency OLA001
Language of cataloging cze
Modifying agency ABA001
041 1# - LANGUAGE CODE
Language code of text/sound track or separate title cze
Language code of original fre
072 #7 - SUBJECT CATEGORY CODE
Subject category code 821.133.1-3
Subject category code subdivision Francouzská próza, francouzsky psaná
Source Konspekt
072 #7 - SUBJECT CATEGORY CODE
Subject category code 821-93
Subject category code subdivision Literatura pro děti a mládež (beletrie)
Source Konspekt
080 ## - UNIVERSAL DECIMAL CLASSIFICATION NUMBER
Universal Decimal Classification number 821.133.1-34
Edition identifier MRF
080 ## - UNIVERSAL DECIMAL CLASSIFICATION NUMBER
Universal Decimal Classification number 821-93
Edition identifier MRF
080 ## - UNIVERSAL DECIMAL CLASSIFICATION NUMBER
Universal Decimal Classification number (0:82-34)
Edition identifier MRF
100 1# - MAIN ENTRY--PERSONAL NAME
Personal name Saint-Exupéry, Antoine de,
Dates associated with a name 1900-1944
Relationship aut
-- ill
240 10 - UNIFORM TITLE
Uniform title Petit prince.
Language of a work Česky
245 10 - TITLE STATEMENT
Title Malý princ /
Statement of responsibility, etc. Antoine de Saint-Exupéry ; přeložil Radim Lapčík
260 ## - PUBLICATION, DISTRIBUTION, ETC.
Place of publication, distribution, etc. Praha :
Name of publisher, distributor, etc. Dobrovský,
Date of publication, distribution, etc. 2014
300 ## - PHYSICAL DESCRIPTION
Extent 94 s. :
Other physical details il. (převážně barev.) ;
Dimensions 20 cm
490 1# - SERIES STATEMENT
Series statement Omega
500 ## - GENERAL NOTE
General note Přeloženo z francouzštiny
500 ## - GENERAL NOTE
General note Vydání zhotoveno podle předlohy vydané v roce 1946 v nakl. Gallimard
500 ## - GENERAL NOTE
General note Dotisk roku 2017 a 2019
655 #7 - INDEX TERM--GENRE/FORM
Genre/form data or focus term francouzské pohádky
Source of term czenas
655 #7 - INDEX TERM--GENRE/FORM
Genre/form data or focus term publikace pro děti
Source of term czenas
655 #9 - INDEX TERM--GENRE/FORM
Genre/form data or focus term French fairy tales
Source of term eczenas
655 #9 - INDEX TERM--GENRE/FORM
Genre/form data or focus term children's literature
Source of term eczenas
700 1# - ADDED ENTRY--PERSONAL NAME
Personal name Lapčík, Radim
Relationship trl
830 #0 - SERIES ADDED ENTRY--UNIFORM TITLE
Uniform title Omega (Dobrovský)
901 ## - LOCAL DATA ELEMENT A, LDA (RLIN)
b 9788073902209
f [1. vyd.]
g Stejné ISBN přiděleno duplicitně též vydání v edici Knihy Omega. Classic
o 20150303
910 ## - USER-OPTION DATA (OCLC)
User-option data ABA001
942 ## - ADDED ENTRY ELEMENTS (KOHA)
Source of classification or shelving scheme Dewey Decimal Classification
Koha item type Krásna literatúra pre deti
Suppress in OPAC No
Holdings
Stav vyradenia Strata Poškodenie Spôsob nadobudnutia Domovská knižnica Aktuálna knižnica Dátum nadobudnutia Total checkouts Čiarový kód exemplára Date last seen Typ exemplára
      Dar Obecná knižnica Horná Štubňa Obecná knižnica Horná Štubňa 13.03.2026   9788073902209 13.03.2026 Krásna literatúra pre deti
Projekt je podporený Slovenskou asociáciou knižníc
Prevádzkuje Turčianska knižnica Martin 2026